00575nam a2200193Ia 4500999001500000003000400015005001700019008004100036020001500077040000900092082001900101100002800120245009700148250001200245260005900257300000900316650001200325942004400337 c8595d8595OSt20201012105527.0190216s9999||||xx |||||||||||||| ||und|| a8190082809 coclc a004.165bGAO/M aGaonkar, Ramesh S94715 0aMicroprocessor, Architecture,Programming And Applications With The 8085 /c Ramesh S Gaonkar a3rd Ed. bPenram International Publishing India,c1999.aMumbai: a739p aPhysics cBK2ddch004.165iGAO/Mk004.165mGAO/M